00286nam a2200133Ia 45000030006000000080041000060400015000471000022000622450020000842500010001042600009001145460012001230050017001350STCL150530s9999 xx 000 0 und d aSTCLcSTCL aWebster Smith, B. aFridtjof Nansen aFirst c1941 aEnglish20220125171146.0